Ground water resources of the Sioux Falls area, South Dakota. (Record no. 28168)
[ view plain ]
| 000 -LEADER | |
|---|---|
| fixed length control field | 01343cam a22003131 4500 |
| 001 - CONTROL NUMBER | |
| control field | gs 47000205 |
| 003 - CONTROL NUMBER IDENTIFIER | |
| control field | DLC |
| 005 - DATE AND TIME OF LATEST TRANSACTION | |
| control field | 20260227111352.0 |
| 008 - FIXED-LENGTH DATA ELEMENTS--GENERAL INFORMATION | |
| fixed length control field | 790612s1947 sduab b s000 0 eng |
| 010 ## - LIBRARY OF CONGRESS CONTROL NUMBER | |
| LC control number | gs 47000205 |
| 035 ## - SYSTEM CONTROL NUMBER | |
| System control number | (OCoLC)5057904 |
| 040 ## - CATALOGING SOURCE | |
| Original cataloging agency | DLC |
| Transcribing agency | TxCM |
| Modifying agency | OCoLC |
| -- | DLC |
| -- | WaU |
| 050 00 - LIBRARY OF CONGRESS CALL NUMBER | |
| Classification number | GB1027.S5 |
| Item number | S6 |
| 110 2# - MAIN ENTRY--CORPORATE NAME | |
| Corporate name or jurisdiction name as entry element | South Dakota Geological Survey |
| 245 10 - TITLE STATEMENT | |
| Title | Ground water resources of the Sioux Falls area, South Dakota. |
| Statement of responsibility, etc. | Geology, by E. P. Rothrock; Hydrology by E. G. Otton. |
| 260 ## - PUBLICATION, DISTRIBUTION, ETC. | |
| Place of publication, distribution, etc. | Vermillion, |
| Name of publisher, distributor, etc. | University of South Dakota, |
| Date of publication, distribution, etc. | 1947. |
| 300 ## - PHYSICAL DESCRIPTION | |
| Extent | 2 pts. (iii, 108 p., 1 l.) |
| Other physical details | illus., maps (2 fold. in pocket) diagrs. (1 fold. in pocket) |
| 490 1# - SERIES STATEMENT | |
| Series statement | Its Report of investigations, |
| Volume/sequential designation | no. 56 |
| 500 ## - GENERAL NOTE | |
| General note | At head of title: State of South Dakota. State Geological Survey. |
| 500 ## - GENERAL NOTE | |
| General note | "Published in cooperation with the United States Geological Survey." |
| 504 ## - BIBLIOGRAPHY, ETC. NOTE | |
| Bibliography, etc. note | Bibliography: leaf at end. |
| 650 #0 - SUBJECT ADDED ENTRY--TOPICAL TERM | |
| Topical term or geographic name entry element | Groundwater |
| Geographic subdivision | South Dakota |
| -- | Sioux Falls area. |
| 650 #0 - SUBJECT ADDED ENTRY--TOPICAL TERM | |
| Topical term or geographic name entry element | Water-supply |
| Geographic subdivision | South Dakota |
| -- | Sioux Falls area. |
| 650 #0 - SUBJECT ADDED ENTRY--TOPICAL TERM | |
| Topical term or geographic name entry element | Geology |
| Geographic subdivision | South Dakota |
| -- | Sioux Falls area. |
| 700 1# - ADDED ENTRY--PERSONAL NAME | |
| Personal name | Rothrock, E. P. |
| Fuller form of name | (Edgar Paul), |
| Dates associated with a name | 1889-1977. |
| 700 1# - ADDED ENTRY--PERSONAL NAME | |
| Personal name | Otton, E. G. |
| Fuller form of name | (Edmond George), |
| Dates associated with a name | 1918- |
| 710 2# - ADDED ENTRY--CORPORATE NAME | |
| Corporate name or jurisdiction name as entry element | Geological Survey (U.S.) |
| 830 #0 - SERIES ADDED ENTRY--UNIFORM TITLE | |
| Uniform title | Report of investigations (South Dakota Geological Survey) ; |
| Volume/sequential designation | no. 56. |
No items available.